LEADER 03309nam 2200661Ia 450 001 9910449705503321 005 20200520144314.0 010 $a1-280-23828-3 010 $a9786610238286 010 $a0-8213-6145-7 035 $a(CKB)1000000000225122 035 $a(EBL)459696 035 $a(OCoLC)62190925 035 $a(SSID)ssj0000089051 035 $a(PQKBManifestationID)11126802 035 $a(PQKBTitleCode)TC0000089051 035 $a(PQKBWorkID)10104027 035 $a(PQKB)11724260 035 $a(MiAaPQ)EBC459696 035 $a(Au-PeEL)EBL459696 035 $a(CaPaEBR)ebr10091278 035 $a(CaONFJC)MIL23828 035 $a(EXLCZ)991000000000225122 100 $a20050202d2005 uy 0 101 0 $aeng 135 $aur|n|---||||| 181 $ctxt 182 $cc 183 $acr 200 00$aPublic expenditure analysis$b[electronic resource] /$fedited by Anwar Shah 210 $aWashington, DC $cWorld Bank$d2005 215 $a1 online resource (292 p.) 225 1 $aPublic sector, governance, and accountability series 300 $aDescription based upon print version of record. 311 $a0-8213-6144-9 320 $aIncludes bibliographical references and index. 327 $aOther Forthcoming Books of Related Interest; Contents; Foreword; Preface; Acknowledgments; Contributors; Overview; CHAPTER 1 Public Expenditure Incidence Analysis; BOXES; TABLES; CHAPTER 2 On Measures of Inequality and Poverty with Welfare Implications; FIGURES; CHAPTER 3 On Assessing the Equity of Governments' Fiscal Policies, with Application to the Philippines; CHAPTER 4 Evaluating Public Pensions; CHAPTER 5 Gender in Public Expenditure Reviews; CHAPTER 6 Citizen-Centered Governance: A New Approach to Public Sector Reform 327 $aCHAPTER 7 Toward Citizen-Centered Local-Level Budgets in Developing CountriesCHAPTER 8 Voice Mechanisms and Local Government Fiscal Outcomes: How Do Civic Pressure and Participation Influence Public Acc 330 $aFor various reasons-whether philosophical, political, humanitarian, or by institutional mandate-people are concerned for the well being of the most vulnerable groups in society: women, the poor, and the elderly. Some would even measure the value of a political system by how well it cares for the least of its members. Related to this is the orientation of government toward the public more generally and the extent that it listens and responds to its citizens. More specifically, it is the rules and norms-the institutional framework-of government through which it takes into account the preferences 410 0$aPublic sector governance and accountability series. 606 $aLocal government$xCitizen participation 606 $aMunicipal services$xEvaluation 606 $aLocal budgets 606 $aExpenditures, Public 608 $aElectronic books. 615 0$aLocal government$xCitizen participation. 615 0$aMunicipal services$xEvaluation. 615 0$aLocal budgets. 615 0$aExpenditures, Public. 676 $a352.4/6214 701 $aShah$b Anwar$0125713 801 0$bMiAaPQ 801 1$bMiAaPQ 801 2$bMiAaPQ 906 $aBOOK 912 $a9910449705503321 996 $aPublic expenditure analysis$92133504 997 $aUNINA LEADER 03417oas 2201405 a 450 001 9910333123103321 005 20251105213014.0 011 $a1532-2157 035 $a(DE-599)ZDB2002481-2 035 $a(DE-599)2002481-2 035 $a(OCoLC)41401485 035 $a(CONSER) 00208385 035 $a(CKB)954922649122 035 $a(EXLCZ)99954922649122 100 $a19990520a19859999 uy a 101 0 $aeng 135 $aurcnu|||||||| 181 $ctxt$2rdacontent 182 $cc$2rdamedia 183 $acr$2rdacarrier 200 10$aEuropean journal of surgical oncology 210 $aLondon ;$aOrlando $cAcademic Press$dİ1985- 210 21$a[Philadelphia?] :$cW.B. Saunders 210 21$a[London] :$cHarcourt 210 21$cAmsterdam :$cElsevier 210 31$cOxford :$cElsevier Ltd. 300 $aRefereed/Peer-reviewed 311 08$a0748-7983 517 1 $aJournal of cancer surgery 517 1 $aEJSO 531 0 $aEur. j. surg. oncol. 606 $aOncology$vPeriodicals 606 $aCancer$xSurgery$vPeriodicals 606 $aOncology 606 $aMedical Oncology 606 $aNeoplasms$xsurgery 606 $aCancer$xChirurgie$vPe?riodiques 606 $aCance?rologie$vPe?riodiques 606 $aCance?rologie 606 $aCancer$xSurgery$2fast$3(OCoLC)fst00845532 606 $aOncology$2fast$3(OCoLC)fst01045739 606 $aOncologie$2gtt 606 $aChirurgie (geneeskunde)$2gtt 608 $aPeriodical. 608 $aperiodicals.$2aat 608 $aPeriodicals.$2fast 608 $aPeriodicals.$2lcgft 608 $aPe?riodiques.$2rvmgf 615 0$aOncology 615 0$aCancer$xSurgery 615 0$aOncology. 615 2$aMedical Oncology. 615 2$aNeoplasms$xsurgery. 615 6$aCancer$xChirurgie 615 6$aCance?rologie 615 6$aCance?rologie. 615 7$aCancer$xSurgery. 615 7$aOncology. 615 7$aOncologie. 615 7$aChirurgie (geneeskunde) 676 $a616 712 02$aBritish Association of Surgical Oncology, 712 02$aEuropean Society of Surgical Oncology, 712 02$aBASO ~ The Association for Cancer Surgery, 801 0$bIRU 801 1$bIRU 801 2$bNSD 801 2$bOCLCQ 801 2$bWAU 801 2$bOCLCQ 801 2$bMUQ 801 2$bEEM 801 2$bOCLCQ 801 2$bCLU 801 2$bLGG 801 2$bOCLCE 801 2$bCS1 801 2$bOCLCQ 801 2$bBUF 801 2$bAU@ 801 2$bUKMGB 801 2$bCSU 801 2$bOPELS 801 2$bSHS 801 2$bDEBBG 801 2$bVT2 801 2$bOCLCO 801 2$bOPELS 801 2$bOCLCO 801 2$bLND 801 2$bOCLCF 801 2$bOCLCO 801 2$bOCLCQ 801 2$bOCLCO 801 2$bOCLCQ 801 2$bOCL 801 2$bOCLCO 801 2$bZ5A 801 2$bOCLCO 801 2$bNLE 801 2$bDLC 801 2$bU3W 801 2$bEZC 801 2$bOCLCA 801 2$bFQM 801 2$bOCLCO 801 2$bWYU 801 2$bTKN 801 2$bLEAUB 801 2$bOCLCO 801 2$bOCLCQ 801 2$bOCLCO 801 2$bOCLCQ 801 2$bUAB 801 2$bOCLCL 801 2$bOCLCQ 906 $aJOURNAL 912 $a9910333123103321 996 $aEuropean journal of surgical oncology$91897688 997 $aUNINA